003450000a22001090004500090001700000245010400017041001400121100003100135942001300166773003900179999001700218 aASbSeriadas10aSalamandras de la familia Plethodontidas hallazgo de los huevos de Bolitoglossa adspersa ()0 aEspañol1 aMaría, Nicéforo995755 cARTICULO1 tCaldasia345h38q337-339d1960g8 c14691d14691